[Event "Titled Tuesday intern op 06th Feb Late"]
[Site "Chess.com INT"]
[Date "2024.02.06"]
[Round "6"]
[White "Bluebaum, Matthias"]
[Black "Cristobal, Manuel"]
[Result "1/2-1/2"]
[WhiteElo "2658"]
[BlackElo "2257"]
[PlyCount "151"]
[EventDate "2024.02.06"]
[EventType "swiss (blitz)"]
[EventRounds "11"]
[EventCountry "USA"]
[SourceTitle "CB07_2024"]
[SourceDate "2024.02.14"]
[SourceVersion "1"]
[SourceVersionDate "2024.02.14"]
[SourceQuality "1"]

1. d4 Nf6 2. c4 e6 3. Nc3 Bb4 4. e3 b6 5. Bd3 Bb7 6. Nf3 Ne4 7. 0-0 Bxc3 8. bxc3 0-0 9. Ne1 f5 10. f3 Nf6 11. a4 Nc6 12. e4 fxe4 13. fxe4 e5 14. Nf3 d6 15. c5 exd4 16. cxd4 dxc5 17. d5 Nd4 18. Nxd4 cxd4 19. Bb2 c5 20. dxc6 Bxc6 21. Rc1 Bxe4 22. Bc4+ Bd5 23. Qxd4 Bxc4 24. Qxc4+ Kh8 25. Rcd1 Qc8 26. Qxc8 Raxc8 27. Bxf6 Rxf6 28. Rxf6 gxf6 29. Rd7 a5 30. Rd6 Rc4 31. Rxf6 Rxa4 32. Rxb6 Kg7 33. Kf2 Ra3 34. Ra6 a4 35. h4 h5 36. g3 Kh7 37. Kg2 Kg7 38. Kh2 Ra2+ 39. Kh3 Ra3 40. Kg2 Ra2+ 41. Kf3 Ra3+ 42. Kf4 Kh7 43. Ra7+ Kg6 44. Ra5 Kh6 45. Ra8 Kg6 46. Ra6+ Kg7 47. g4 hxg4 48. Kxg4 Ra1 49. Kg5 Rg1+ 50. Kh5 Ra1 51. Ra7+ Kf6 52. Kh6 a3 53. h5 a2 54. Kh7 Rh1 55. Rxa2 Rxh5+ 56. Kg8 Rb5 57. Ra6+ Ke7 58. Kg7 Rg5+ 59. Kh6 Rg1 60. Ra2 Kf6 61. Rf2+ Ke6 62. Kh5 Ke5 63. Kh4 Rg7 64. Kh3 Ke4 65. Rf8 Ke5 66. Kh4 Ke6 67. Re8+ Kf7 68. Re1 Kf6 69. Kh5 Rg5+ 70. Kh6 Rg2 71. Rf1+ Ke6 72. Rf3 Ke5 73. Kh5 Ke4 74. Rf6 Rg8 75. Rg6 Rxg6 76. Kxg6 1/2-1/2

[Event "Titled Tuesday intern op 16th Jan Late"]
[Site "Chess.com INT"]
[Date "2024.01.16"]
[Round "10"]
[White "Cristobal, Manuel"]
[Black "Kramnik, Vladimir"]
[Result "0-1"]
[WhiteElo "2257"]
[BlackElo "2753"]
[PlyCount "44"]
[EventDate "2024.01.16"]
[EventType "swiss (blitz)"]
[EventRounds "11"]
[EventCountry "USA"]
[SourceTitle "CB04_2024"]
[SourceDate "2023.10.16"]
[SourceVersion "1"]
[SourceVersionDate "2023.10.16"]
[SourceQuality "1"]

1. d4 d5 2. Nf3 Nf6 3. e3 c5 4. Bd3 Nc6 5. b3 Bg4 6. Bb2 e6 7. Nbd2 cxd4 8. exd4 Bd6 9. h3 Bh5 10. g4 Bg6 11. Ne5 Bxe5 12. dxe5 Nd7 13. Nf3 Be4 14. Bxe4 dxe4 15. Nd2 e3 16. fxe3 Qh4+ 17. Ke2 Ndxe5 18. Nf3 Nxf3 19. Kxf3 0-0 20. Qe2 f5 21. g5 f4 22. e4 Qg3# 0-1

[Event "Titled Tuesday intern op 09th Jan Early"]
[Site "Chess.com INT"]
[Date "2024.01.09"]
[Round "9"]
[White "Cristobal, Manuel"]
[Black "Tulchynskyi, Feliks"]
[Result "1-0"]
[WhiteElo "2257"]
[BlackElo "2285"]
[PlyCount "129"]
[EventDate "2024.01.09"]
[EventType "swiss (blitz)"]
[EventRounds "11"]
[EventCountry "USA"]
[SourceTitle "CB03_2024"]
[SourceDate "2024.01.17"]
[SourceVersion "1"]
[SourceVersionDate "2024.01.17"]
[SourceQuality "1"]

1. d4 e6 2. Nf3 b6 3. e3 Bb7 4. b3 Nf6 5. Bb2 Be7 6. Bd3 0-0 7. 0-0 Be4 8. Bxe4 Nxe4 9. c4 d5 10. Nbd2 f5 11. Ne5 c6 12. Nxe4 fxe4 13. f3 exf3 14. Rxf3 Bf6 15. Ng4 Nd7 16. Qd3 Qe7 17. Raf1 Bh4 18. e4 Rxf3 19. Rxf3 Rf8 20. g3 Bg5 21. Kg2 h5 22. Nf2 Rxf3 23. Qxf3 Qf7 24. Qxf7+ Kxf7 25. Kf3 g6 26. Nd3 Bd2 27. h3 a5 28. a4 Bg5 29. Bc3 Bh6 30. exd5 exd5 31. c5 bxc5 32. dxc5 Bf8 33. Bxa5 Bxc5 34. Nxc5 Nxc5 35. Bb6 Na6 36. Kf4 Kf6 37. Bd4+ Ke6 38. Kg5 c5 39. Bb2 Kf7 40. Be5 Ke6 41. Bf4 Kf7 42. a5 d4 43. g4 hxg4 44. Kxg4 Ke6 45. Kg5 Kf7 46. Bd6 Ke6 47. Bg3 d3 48. Be1 Ke5 49. Kxg6 Ke4 50. h4 Kf3 51. h5 Ke2 52. Bc3 Kd1 53. h6 Kc2 54. Be1 Kd1 55. Bh4 Kc2 56. Bg5 Kxb3 57. h7 c4 58. h8Q c3 59. Qg8+ Kc2 60. Qa2+ Kd1 61. Qb1+ Ke2 62. Qb5 Nc7 63. Qe5+ Kd1 64. Qxc3 Ne6 65. Qd2# 1-0

[Event "Titled Tuesday intern op 09th Jan Early"]
[Site "Chess.com INT"]
[Date "2024.01.09"]
[Round "1"]
[White "Zeneli, Klendi"]
[Black "Cristobal, Manuel"]
[Result "0-1"]
[WhiteElo "2177"]
[BlackElo "2257"]
[PlyCount "84"]
[EventDate "2024.01.09"]
[EventType "swiss (blitz)"]
[EventRounds "11"]
[EventCountry "USA"]
[SourceTitle "CB03_2024"]
[SourceDate "2024.01.17"]
[SourceVersion "1"]
[SourceVersionDate "2024.01.17"]
[SourceQuality "1"]

1. e4 Nc6 2. Nf3 d5 3. exd5 Qxd5 4. Nc3 Qh5 5. d4 Bg4 6. Bb5 0-0-0 7. Bxc6 bxc6 8. Be3 e6 9. Qe2 Kb7 10. 0-0 Nf6 11. a4 Bd6 12. h3 Bxf3 13. Qxf3 Qxf3 14. gxf3 Nd5 15. Ne4 f5 16. Ng5 Rde8 17. Nf7 Rhf8 18. Ne5 f4 19. Bd2 Bxe5 20. dxe5 Rf5 21. c4 Nb6 22. b3 Rxe5 23. Bc3 Rg5+ 24. Kh2 Nd7 25. Rg1 Rxg1 26. Rxg1 g6 27. h4 e5 28. h5 Re6 29. b4 Nb6 30. c5 Nd5 31. Bd2 e4 32. hxg6 hxg6 33. fxe4 Rxe4 34. b5 Re2 35. bxc6+ Kxc6 36. Rxg6+ Kxc5 37. Bc1 Rxf2+ 38. Kh3 Rc2 39. Ba3+ Kd4 40. Kg4 Rg2+ 41. Kf5 Rxg6 42. Kxg6 f3 0-1

[Event "Titled Tuesday intern op 19th Dec Early"]
[Site "Chess.com INT"]
[Date "2023.12.19"]
[Round "9"]
[White "Boor, Carl Brandon"]
[Black "Cristobal, Manuel"]
[Result "0-1"]
[WhiteElo "2231"]
[BlackElo "2257"]
[PlyCount "94"]
[EventDate "2023.12.19"]
[EventType "swiss (blitz)"]
[EventRounds "11"]
[EventCountry "USA"]
[SourceTitle "CB52_2023"]
[SourceDate "2023.12.27"]
[SourceVersion "1"]
[SourceVersionDate "2023.12.27"]
[SourceQuality "1"]

1. d4 Nf6 2. Bg5 Ne4 3. Be3 d5 4. f3 Nd6 5. Bf2 Bf5 6. e3 e6 7. Ne2 Nd7 8. g4 Bg6 9. Nf4 c6 10. h4 e5 11. dxe5 Nxe5 12. h5 Nxf3+ 13. Qxf3 Be4 14. Qh3 Bxh1 15. Qxh1 Ne4 16. Nd2 Nxf2 17. Kxf2 Bd6 18. Bd3 Qb6 19. Qf3 0-0-0 20. Nb3 g6 21. c4 dxc4 22. Bxc4 Rhf8 23. g5 Bxf4 24. Qxf4 Qc7 25. Kf3 b5 26. Bf1 Rd5 27. Rc1 Qxf4+ 28. exf4 Kc7 29. Na5 Kb6 30. Nxc6 Rc8 31. Nb4 Rxc1 32. Nxd5+ Kc5 33. Ne3 Rb1 34. b3 Rb2 35. Bd3 Rxa2 36. f5 Ra6 37. f6 Rd6 38. Be4 a5 39. hxg6 hxg6 40. Ng4 a4 41. bxa4 bxa4 42. Ne5 a3 43. Nxf7 Rd1 44. Ne5 a2 45. f7 Rf1+ 46. Ke2 a1Q 47. Nd3+ Kd4 0-1

[Event "Titled Tuesday intern op 19th Dec Early"]
[Site "Chess.com INT"]
[Date "2023.12.19"]
[Round "8"]
[White "Cristobal, Manuel"]
[Black "Buksa, Nataliya"]
[Result "0-1"]
[WhiteElo "2257"]
[BlackElo "2388"]
[PlyCount "78"]
[EventDate "2023.12.19"]
[EventType "swiss (blitz)"]
[EventRounds "11"]
[EventCountry "USA"]
[SourceTitle "CB52_2023"]
[SourceDate "2023.12.27"]
[SourceVersion "1"]
[SourceVersionDate "2023.12.27"]
[SourceQuality "1"]

1. d4 d5 2. Nf3 e6 3. e3 Nf6 4. Bd3 Bd6 5. 0-0 a6 6. b3 b6 7. Bb2 0-0 8. Ne5 Bb7 9. Nd2 Ne4 10. f4 f6 11. Nec4 Nxd2 12. Nxd2 f5 13. c4 Nd7 14. a3 Nf6 15. b4 c5 16. dxc5 bxc5 17. Nb3 Qe7 18. bxc5 Bxc5 19. Nxc5 Qxc5 20. Bd4 Qe7 21. c5 Ne4 22. Rb1 Rab8 23. Bxe4 dxe4 24. Be5 Qxc5 25. Bxb8 Qxe3+ 26. Kh1 Rxb8 27. Qd6 Qa7 28. Qxe6+ Kh8 29. Qxf5 e3 30. Rfe1 h6 31. Qe5 Rd8 32. Qxe3 Qa8 33. Qf2 Bc6 34. Rbd1 Rf8 35. f5 Be4 36. Re2 Rxf5 37. Qh4 Bd5 38. Red2 Qc6 39. Qd4 Rg5 0-1

[Event "Titled Tuesday intern op 19th Dec Early"]
[Site "Chess.com INT"]
[Date "2023.12.19"]
[Round "6"]
[White "Cristobal, Manuel"]
[Black "Suleymanli, Aydin Elshan"]
[Result "0-1"]
[WhiteElo "2257"]
[BlackElo "2609"]
[PlyCount "100"]
[EventDate "2023.12.19"]
[EventType "swiss (blitz)"]
[EventRounds "11"]
[EventCountry "USA"]
[SourceTitle "CB52_2023"]
[SourceDate "2023.12.27"]
[SourceVersion "1"]
[SourceVersionDate "2023.12.27"]
[SourceQuality "1"]

1. d4 Nf6 2. Nf3 g6 3. e3 Bg7 4. Be2 0-0 5. 0-0 c5 6. b3 cxd4 7. Nxd4 d5 8. Bb2 a6 9. c4 dxc4 10. Bxc4 b5 11. Be2 Bb7 12. Bf3 Qb6 13. Bxb7 Qxb7 14. Qf3 Qxf3 15. Nxf3 Nc6 16. Nc3 Nb4 17. Rfd1 Rfd8 18. Ne1 Ne4 19. Nxe4 Bxb2 20. Rxd8+ Rxd8 21. Rb1 Ba3 22. g3 f5 23. Ng5 Nxa2 24. Nc2 Nc3 25. Ra1 Bd6 26. Rxa6 h6 27. Ne6 Rc8 28. Ncd4 Kf7 29. Kg2 Kf6 30. h4 g5 31. hxg5+ hxg5 32. f4 g4 33. Ng5 b4 34. Ra5 Rc5 35. Ra8 e5 36. Ra6 Rd5 37. fxe5+ Rxe5 38. Nh7+ Kg7 39. Rxd6 Kxh7 40. Rf6 Nd5 41. Rf7+ Kg6 42. Rb7 Nxe3+ 43. Kg1 Re4 44. Rb6+ Kf7 45. Rxb4 f4 46. gxf4 Rxf4 47. Nc6 Rf1+ 48. Kh2 Rf2+ 49. Kg1 g3 50. Ne5+ Ke6 0-1

[Event "Titled Tuesday intern op 03rd Jan Late"]
[Site "Chess.com INT"]
[Date "2023.01.03"]
[Round "6"]
[White "Jacobson, Brandon"]
[Black "Cristobal, Manuel"]
[Result "1-0"]
[WhiteElo "2546"]
[BlackElo "2257"]
[PlyCount "55"]
[EventDate "2023.01.03"]
[EventType "swiss (blitz)"]
[EventRounds "11"]
[EventCountry "USA"]
[SourceTitle "EXT 2024"]
[Source "ChessBase"]
[SourceDate "2023.10.10"]
[SourceVersion "1"]
[SourceVersionDate "2023.10.10"]
[SourceQuality "1"]

1. d4 Nf6 2. c4 e6 3. Nc3 Bb4 4. e3 b6 5. Bd3 Bb7 6. Nf3 Ne4 7. 0-0 Bxc3 8. bxc3 0-0 9. Nd2 f5 10. f3 Nxd2 11. Bxd2 d6 12. Qc2 Qf6 13. e4 f4 14. a4 Nc6 15. e5 dxe5 16. Bxh7+ Kh8 17. Be4 exd4 18. Rad1 Rad8 19. Kh1 Na5 20. Bxb7 Nxb7 21. cxd4 Rxd4 22. Bc3 Rxc4 23. Rd3 Nc5 24. Qd2 Nxd3 25. Bxf6 Nc5 26. Be5 Nxa4 27. Qd7 Rg8 28. Qf7 1-0

[Event "Titled Tuesday intern op 03rd Jan Late"]
[Site "Chess.com INT"]
[Date "2023.01.03"]
[Round "3"]
[White "Pranav, V."]
[Black "Cristobal, Manuel"]
[Result "1-0"]
[WhiteElo "2545"]
[BlackElo "2257"]
[PlyCount "105"]
[EventDate "2023.01.03"]
[EventType "swiss (blitz)"]
[EventRounds "11"]
[EventCountry "USA"]
[SourceTitle "EXT 2024"]
[Source "ChessBase"]
[SourceDate "2023.10.10"]
[SourceVersion "1"]
[SourceVersionDate "2023.10.10"]
[SourceQuality "1"]

1. e4 Nc6 2. d4 e5 3. d5 Nce7 4. Nf3 Ng6 5. h4 h5 6. Nc3 Nf6 7. Ng5 Bc5 8. f3 c6 9. dxc6 bxc6 10. Bc4 0-0 11. Bb3 Ba6 12. Na4 Bb4+ 13. c3 Ba5 14. Be3 d5 15. Nc5 Bb6 16. Kf2 Qc8 17. Qc2 Nf4 18. Rad1 Rd8 19. g3 Ng6 20. Kg2 Nf8 21. Rhe1 Bxc5 22. Bxc5 N8d7 23. Bd6 Bc4 24. Bxc4 dxc4 25. f4 Ng4 26. Qe2 Nb6 27. Bc5 exf4 28. gxf4 Qa6 29. Kg3 Qxa2 30. e5 Re8 31. Qc2 g6 32. Bxb6 axb6 33. Rd7 Qb3 34. Qxb3 cxb3 35. Nxf7 Ra2 36. Nd6 Re6 37. Re2 Ra1 38. Ne4 Rg1+ 39. Rg2 Rxg2+ 40. Kxg2 Ne3+ 41. Kf3 Nc4 42. Nf6+ Kf8 43. Ke4 Nxb2 44. f5 gxf5+ 45. Kxf5 Re7 46. Rd8+ Kf7 47. Rh8 Nc4 48. e6+ Rxe6 49. Rh7+ Kf8 50. Kxe6 Ne5 51. Kxe5 b2 52. Ke6 b1Q 53. Rf7# 1-0

[Event "Titled Tuesday intern op 31st May Late"]
[Site "Chess.com INT"]
[Date "2022.05.31"]
[Round "1"]
[White "Cristobal, Manuel"]
[Black "Jian, Alex"]
[Result "0-1"]
[WhiteElo "2257"]
[BlackElo "2055"]
[PlyCount "174"]
[EventDate "2022.05.31"]
[EventType "swiss (blitz)"]
[EventRounds "11"]
[EventCountry "USA"]
[SourceTitle "CBM 208 Extra"]
[Source "ChessBase"]
[SourceDate "2022.07.31"]
[SourceVersion "1"]
[SourceVersionDate "2022.07.31"]
[SourceQuality "1"]

1. e4 c5 2. Nf3 e6 3. d3 Nc6 4. g3 g6 5. Bg2 Bg7 6. 0-0 Nge7 7. c3 d5 8. exd5 exd5 9. d4 cxd4 10. cxd4 0-0 11. Nc3 Bg4 12. Bg5 h6 13. Bxe7 Nxe7 14. h3 Bxf3 15. Bxf3 Nf5 16. Nxd5 Nxd4 17. Bg2 Re8 18. Re1 Rxe1+ 19. Qxe1 Nc2 20. Qd1 Nxa1 21. Qxa1 Rc8 22. Qd1 Kh7 23. Qb3 b6 24. h4 h5 25. Ne3 Qf6 26. Bd5 Qxb2 27. Bxf7 Qxb3 28. axb3 Bd4 29. Nc4 Rf8 30. Bd5 Rxf2 31. Kh1 b5 32. Nd6 a6 33. Ne4 Rb2 34. Ng5+ Kh8 35. Ne6 Be5 36. Nf8 Kg7 37. Ne6+ Kf6 38. Ng5 a5 39. Ne4+ Ke7 40. Bg8 a4 41. bxa4 bxa4 42. Nc5 a3 43. Nd3 Rb1+ 44. Kg2 Bf6 45. Kf3 Rd1 46. Nf4 Kd6 47. Nxg6 Rd2 48. Nf4 a2 49. Bxa2 Rxa2 50. Nxh5 Be5 51. Kg4 Ra3 52. Kh3 Ke6 53. Kg4 Rb3 54. Kg5 Bxg3 55. Ng7+ Kf7 56. Nf5 Be1 57. Nd6+ Kg8 58. Ne8 Rb5+ 59. Kg6 Bxh4 60. Nc7 Rb7 61. Nd5 Rg7+ 62. Kf5 Rg5+ 63. Ke6 Rg7 64. Kf5 Bd8 65. Nf4 Rg5+ 66. Ke4 Kf7 67. Nd3 Rg4+ 68. Kd5 Rg5+ 69. Ke4 Bf6 70. Kf4 Ra5 71. Nf2 Ke6 72. Nd3 Ra4+ 73. Ke3 Bg5+ 74. Ke2 Kd6 75. Kd1 Rd4 76. Kc2 Kd5 77. Kc3 Rc4+ 78. Kb3 Kd4 79. Nb4 Bd2 80. Nc2+ Kd3 81. Na3 Rb4+ 82. Ka2 Kc3 83. Nb1+ Kc2 84. Na3+ Kc1 85. Ka1 Bc3+ 86. Ka2 Rb2+ 87. Ka1 Rd2# 0-1

[Event "Sao Paulo Consciencia op 7th"]
[Site "Sao Paulo"]
[Date "2015.11.22"]
[Round "6"]
[White "Cristobal, Manuel"]
[Black "Martinez, Marcio Eduardo"]
[Result "1-0"]
[WhiteElo "2249"]
[BlackElo "1811"]
[PlyCount "67"]
[EventDate "2015.11.20"]
[EventType "swiss"]
[EventRounds "6"]
[EventCountry "BRA"]
[SourceTitle "CBM 170 Extra"]
[Source "ChessBase"]
[SourceDate "2016.02.25"]
[SourceVersion "1"]
[SourceVersionDate "2016.02.25"]
[SourceQuality "1"]

1. e4 d6 2. d4 Nf6 3. Nc3 g6 4. f4 Bg7 5. Nf3 0-0 6. e5 dxe5 7. fxe5 Nd5 8. Ne4 Bf5 9. Ng3 Bg4 10. h3 Bxf3 11. Qxf3 c5 12. dxc5 Qa5+ 13. Bd2 Qxc5 14. Ne4 Qd4 15. 0-0-0 Qxe5 16. Nc3 Nxc3 17. Bxc3 Qg5+ 18. Bd2 Qf6 19. Qxb7 Qb6 20. Qxb6 axb6 21. a3 Nc6 22. Be3 Rab8 23. Bb5 Ne5 24. Rhe1 Rfc8 25. Rd5 e6 26. Rd6 Rd8 27. Red1 Rxd6 28. Rxd6 Bf8 29. Rxb6 Rc8 30. a4 Be7 31. Rb7 Bd8 32. b4 Nc6 33. Bxc6 Rxc6 34. Rb8 1-0

[Event "Sao Paulo Consciencia op 7th"]
[Site "Sao Paulo"]
[Date "2015.11.21"]
[Round "4"]
[White "Cristobal, Manuel"]
[Black "Pinto, Rendrex Lopes"]
[Result "1/2-1/2"]
[WhiteElo "2249"]
[BlackElo "2196"]
[PlyCount "118"]
[EventDate "2015.11.20"]
[EventType "swiss"]
[EventRounds "6"]
[EventCountry "BRA"]
[SourceTitle "CBM 170 Extra"]
[Source "ChessBase"]
[SourceDate "2016.02.25"]
[SourceVersion "1"]
[SourceVersionDate "2016.02.25"]
[SourceQuality "1"]

1. c4 Nf6 2. Nc3 g6 3. g3 Bg7 4. Bg2 0-0 5. e3 d6 6. Nge2 c6 7. 0-0 Na6 8. d3 e5 9. Rb1 d5 10. cxd5 Nxd5 11. d4 Nac7 12. e4 exd4 13. Nxd4 Nb6 14. Nb3 Qe7 15. Be3 Ne6 16. Qe2 Qb4 17. Rfd1 Nc4 18. Bc1 b6 19. f4 Ba6 20. e5 Rad8 21. Rxd8 Rxd8 22. Qc2 Nc5 23. Nxc5 Qxc5+ 24. Qf2 Bf8 25. b4 Qxf2+ 26. Kxf2 Nd2 27. Rb2 Nc4 28. Rb3 Nd2 29. Ra3 Bxb4 30. Rxa6 Bxc3 31. Bxc6 Nc4 32. Rxa7 Rd1 33. Ba3 Bd4+ 34. Kf3 Nxa3 35. Rxa3 Rc1 36. Ra8+ Kg7 37. Bd5 Rc7 38. Ke4 Bg1 39. g4 Bxh2 40. f5 Rc1 41. f6+ Kh6 42. Re8 Re1+ 43. Kd4 Rd1+ 44. Kc4 Kg5 45. Bxf7 Bxe5 46. Rxe5+ Kxf6 47. Re6+ Kxf7 48. Rxb6 Ra1 49. Rb2 h5 50. gxh5 gxh5 51. Kd4 Ke6 52. Ke4 Kd6 53. Rh2 Ke6 54. Kf4 Kd6 55. Kg5 Kc5 56. Kxh5 Kb4 57. Kg4 Ka3 58. Kf3 Rxa2 59. Rxa2+ Kxa2 1/2-1/2

[Event "Sao Paulo op-A 3rd"]
[Site "Sao Paulo"]
[Date "2015.09.17"]
[Round "1"]
[White "Cristobal, Manuel"]
[Black "Damous, Felipe Soares"]
[Result "1-0"]
[WhiteElo "2268"]
[BlackElo "2106"]
[PlyCount "45"]
[EventDate "2015.09.17"]
[EventType "swiss"]
[EventRounds "6"]
[EventCountry "BRA"]
[SourceTitle "EXT 2016"]
[Source "ChessBase"]
[SourceDate "2015.10.08"]
[SourceVersion "1"]
[SourceVersionDate "2015.10.08"]
[SourceQuality "1"]

1. Nf3 Nf6 2. g3 d5 3. Bg2 c6 4. 0-0 Bg4 5. d4 e6 6. c4 Be7 7. h3 Bh5 8. Nbd2 Nbd7 9. g4 Bg6 10. Nh4 Qc7 11. Re1 0-0-0 12. cxd5 Nxd5 13. Nxg6 hxg6 14. e4 Nf4 15. Qf3 Rh4 16. Nc4 g5 17. Bxf4 Qxf4 18. Qb3 Nf6 19. e5 Nxg4 20. hxg4 Rxg4 21. Na5 b6 22. Nxc6 Rh8 23. Nxa7+ 1-0

[Event "Sao Paulo Cordioli Memorial"]
[Site "Sao Paulo"]
[Date "2015.09.06"]
[Round "4"]
[White "Cristobal, Manuel"]
[Black "Mobaier, Sergio"]
[Result "0-1"]
[WhiteElo "2268"]
[BlackElo "1983"]
[PlyCount "42"]
[EventDate "2015.09.05"]
[EventType "swiss"]
[EventRounds "6"]
[EventCountry "BRA"]
[SourceTitle "EXT 2016"]
[Source "ChessBase"]
[SourceDate "2015.10.08"]
[SourceVersion "1"]
[SourceVersionDate "2015.10.08"]
[SourceQuality "1"]

1. Nf3 d5 2. g3 g6 3. Bg2 Bg7 4. 0-0 Nf6 5. c4 c6 6. d4 0-0 7. Nc3 Bf5 8. Nh4 Bg4 9. h3 Be6 10. f4 Ne4 11. f5 Nxg3 12. fxe6 Nxf1 13. Bxf1 fxe6 14. Nf3 Qd6 15. Qe1 Nd7 16. Qh4 Rf5 17. c5 Qc7 18. Qxe7 Qg3+ 19. Bg2 Rxf3 20. Qxe6+ Rf7 21. e3 Raf8 0-1

[Event "Sao Paulo Cordioli Memorial"]
[Site "Sao Paulo"]
[Date "2015.09.05"]
[Round "1"]
[White "Calixto, Roberto Carlos"]
[Black "Cristobal, Manuel"]
[Result "0-1"]
[WhiteElo "1830"]
[BlackElo "2268"]
[PlyCount "84"]
[EventDate "2015.09.05"]
[EventType "swiss"]
[EventRounds "6"]
[EventCountry "BRA"]
[SourceTitle "EXT 2016"]
[Source "ChessBase"]
[SourceDate "2015.10.08"]
[SourceVersion "1"]
[SourceVersionDate "2015.10.08"]
[SourceQuality "1"]

1. e4 e6 2. d4 d5 3. Nc3 Bb4 4. e5 c5 5. a3 Bxc3+ 6. bxc3 Ne7 7. a4 Qa5 8. Bd2 Bd7 9. Nf3 Nbc6 10. Bb5 a6 11. Bxc6 Bxc6 12. 0-0 c4 13. Nh4 Bxa4 14. Qg4 Ng6 15. f4 Nxh4 16. Qxh4 Qb5 17. Rab1 Qd7 18. Rbc1 Qe7 19. Qf2 g6 20. g4 h5 21. f5 gxf5 22. gxf5 Rg8+ 23. Kh1 Kd7 24. fxe6+ fxe6 25. Qf7 Raf8 26. Qxe7+ Kxe7 27. Rxf8 Kxf8 28. h4 Rg4 29. Bg5 Ke8 30. Kh2 Re4 31. Kg3 Re2 32. Rf1 Bxc2 33. Rf6 Bf5 34. Rh6 Bg4 35. Rh8+ Kd7 36. Rh7+ Kc6 37. Be7 Re3+ 38. Kf4 Rxc3 39. Bd6 b6 40. Kg5 Rd3 41. Rxh5 Bxh5 42. Kxh5 c3 0-1